00138 a2200073 45000010005000001000015000052450026000202600018000468652 aAnthony R. aTotal Self Confidence bBarkleyc1984